|
|
|
|
| LEADER |
00683nam a22001817a 4500 |
| 008 |
190703b xxu||||| |||| 00| 0 eng d |
| 999 |
|
|
|c 26671
|d 26671
|
| 020 |
|
|
|a 9781138657823
|
| 082 |
|
|
|a 303.482
|b HAL
|
| 100 |
|
|
|a Hall, Bradford J.
|
| 245 |
|
|
|a Among cultures :
|b the challenge of communication /
|c Patricia O. Covarrubias and Kristin A. Kirschbaum
|
| 250 |
|
|
|a 3rd ed.
|
| 260 |
|
|
|a New York :
|b Routledge,
|c 2018.
|
| 300 |
|
|
|a 428p.
|
| 700 |
|
|
|a Covarrubias, Patricia O.
|
| 700 |
|
|
|a Kirschbaum, Kristin A.
|
| 942 |
|
|
|2 ddc
|c BK
|
| 952 |
|
|
|0 0
|1 0
|2 ddc
|4 0
|6 303_482000000000000_HAL
|7 0
|9 36544
|a MAIN
|b MAIN
|d 2019-07-03
|e Mathrubhumi Books
|g 4346.00
|o 303.482 HAL
|p 35014
|r 2019-07-03
|t 1
|w 2019-07-03
|y BK
|